000 00555nam a2200193Ia 4500
003 GCL
008 140319s9999 xx 000 0 ara d
040 _aGCL /
_cGCL
082 0 4 _a091.1
_bا م
100 1 _aاحمد عثمان
245 1 0 _aمخطوطات البحر الميت /
_cاحمد عثمان
300 _a167 ص
490 _a
650 0 4 _aالمخطوطات - تحقيق
650 0 4 _aالمسيحية - تاريخ
650 0 4 _aاليهودية - تاريخ
650 0 4 _aفلسطين القديمة - تاريخ
942 _2ddc
_cBK
999 _c46227
_d46227